| 000 | 00922nam a2200277Ia 4500 | ||
|---|---|---|---|
| 003 | GCL | ||
| 008 | 140319s9999 xx 000 0 ara d | ||
| 040 |
_aGCL / _cGCL |
||
| 082 | 0 | 4 |
_a371.27 _bم ت |
| 100 | 1 | _aبلوم، بنيامين س | |
| 245 | 1 | 0 |
_aتقيم تعليم الطالب التجميعى والتكوينى / _cبلوم، بنيامين س |
| 700 | 1 | _aمادوس, جورج ف. | |
| 700 | 1 | _aاحمد ابراهيم شلبى | |
| 700 | 1 | _aبلوم، اوروسولا | |
| 700 | 1 | _aهاستنجس, ج . توماس | |
| 700 | 1 | _aمحمد امين المفتى | |
| 700 | 1 | _aزينب على النجار | |
| 260 |
_a[S.N] : _bدار ماكجروهيل للنشر ، _c1971 |
||
| 300 | _a417 ص | ||
| 490 | _a | ||
| 650 | 0 | 4 | _aالتعليم |
| 650 | 0 | 4 | _aالتربية |
| 650 | 0 | 4 | _aالطلبة |
| 650 | 0 | 4 | _aالاختبارات والقياسات التعليمية |
| 942 |
_2ddc _cBK |
||
| 999 |
_c27655 _d27655 |
||